Statistics for British trivia

Click here to take the quiz!

General Stats

  • This quiz has been taken 166 times
    (136 since last reset)
  • The average score is 14 of 19

Answer Stats

HintAnswer% Correct
Capital cityLondon
100%
Closest countryIreland
92%
Capital of WalesCardiff
91%
River running through the capitalThe River Thames
89%
The name of the London metro systemThe London Underground (the tube)
88%
the city home to the BeatlesLiverpool
86%
Island between The UK and IrelandThe Isle of Man
83%
Tallest mountainBen Nevis
79%
Second largest cityBirmingham
79%
The ocean it bordersThe Atlantic Ocean
79%
The tallest buildingThe shard
76%
The stretch of water separating the UK and FranceThe English Channel
71%
the famous unlinked action film seriesJames Bond
63%
the country separated from the UK by the North SeaNorway
60%
The famous car model featuring in the films aboveAston Martin
55%
Population to the nearest million (can be out by one)64 million
54%
Largest countyNorth Yorkshire
54%
small city built on the River CamCambridge
47%
the city the famous inventor 'brunel' comes fromBristol
39%

Score Distribution

Percentile by Number Answered

Percent of People with Each Score

Your Score History

You have not taken this quiz since the last reset